Speech compression using ITU-G. 729 implementation and analysis using matlab / (Record no. 182828)
[ view plain ]
| 000 -LEADER | |
|---|---|
| fixed length control field | 00507 a2200157 4500 |
| 003 - CONTROL NUMBER IDENTIFIER | |
| control field | NUST |
| 005 - DATE AND TIME OF LATEST TRANSACTION | |
| control field | 20251021114045.0 |
| 040 ## - CATALOGING SOURCE | |
| Transcribing agency | Nust |
| 082 ## - DEWEY DECIMAL CLASSIFICATION NUMBER | |
| Classification number | 621.382,HAF |
| 100 ## - MAIN ENTRY--PERSONAL NAME | |
| Personal name | Hafeez , Mudassar NC (TE-37) |
| 9 (RLIN) | 131314 |
| 245 ## - TITLE STATEMENT | |
| Title | Speech compression using ITU-G. 729 implementation and analysis using matlab / |
| Statement of responsibility, etc. | NC Mudasar Hafeez , NC Omair Khalid,NC Fahd Rasheed,PC Arslan Javed |
| 260 ## - PUBLICATION, DISTRIBUTION, ETC. | |
| Place of publication, distribution, etc. | Rawalpindi |
| Name of publisher, distributor, etc. | MCS |
| Date of publication, distribution, etc. | 2004 |
| 650 ## - SUBJECT ADDED ENTRY--TOPICAL TERM | |
| Topical term or geographic name entry element | UG Projects |
| 9 (RLIN) | 98716 |
| 651 ## - SUBJECT ADDED ENTRY--GEOGRAPHIC NAME | |
| Geographic name | TE-37 |
| 9 (RLIN) | 131315 |
| 942 ## - ADDED ENTRY ELEMENTS (KOHA) | |
| Koha item type | Project Report |
| Source of classification or shelving scheme | |
| Withdrawn status | Lost status | Source of classification or shelving scheme | Damaged status | Not for loan | Permanent Location | Current Location | Shelving location | Date acquired | Full call number | Barcode | Date last seen | Price effective from | Koha item type | Public note |
|---|---|---|---|---|---|---|---|---|---|---|---|---|---|---|
| Military College of Signals (MCS) | Military College of Signals (MCS) | Reference | 12/12/2016 | 621.382,HAF | MCSPTE-113 | 12/08/2016 | 12/12/2016 | Project Report | Almirah No.90, Shelf No.2 |
